[Event "Nichelino op 12th"]
[Site "Nichelino"]
[Date "2011.10.08"]
[Round "3"]
[White "Bonino, Matteo"]
[Black "Drago, Paolo"]
[Result "1-0"]
[WhiteElo "1851"]
[BlackElo "1735"]
[PlyCount "153"]
[EventDate "2011.10.06"]
[EventType "swiss"]
[EventRounds "6"]
[EventCountry "ITA"]
[SourceTitle "EXT 2023"]
[Source "ChessBase"]
[SourceDate "2022.10.05"]
[SourceVersion "1"]
[SourceVersionDate "2022.10.05"]
[SourceQuality "1"]

1. d4 d5 2. Bf4 e6 3. e3 c5 4. Nf3 Nc6 5. c3 Bd6 6. Bg3 b6 7. Ne5 Qc7 8. f4 Nf6 9. Nd2 Bb7 10. Bd3 0-0-0 11. Qe2 h6 12. Bf2 g5 13. g3 Rdg8 14. Ndf3 Nh7 15. Nxc6 Bxc6 16. Ne5 Bb7 17. Qh5 Bxe5 18. fxe5 Nf8 19. g4 Qe7 20. Bg3 Nd7 21. 0-0 Rf8 22. Qh3 f6 23. exf6 Rxf6 24. Rxf6 Qxf6 25. Rf1 Qg7 26. Qg2 e5 27. Bf5 exd4 28. cxd4 Qe7 29. Be5 Re8 30. Qg3 Bc6 31. Bg6 Rf8 32. Rxf8+ Qxf8 33. Bf5 Kb7 34. Bxd7 Bxd7 35. h3 Qe8 36. Qf3 Qg6 37. Qd1 Qe4 38. Kf2 h5 39. gxh5 Bxh3 40. Qf3 Qc2+ 41. Kg3 Bd7 42. Qf6 Qf5 43. Qxf5 Bxf5 44. Bf6 Kc7 45. Bxg5 Kd7 46. Kf4 Ke6 47. Bd8 c4 48. Kg5 Be4 49. Bc7 Kf7 50. Kf4 Ke6 51. Kg3 Kf5 52. h6 Kg5 53. Bf4+ Kg6 54. Kf2 b5 55. a3 a5 56. Ke2 b4 57. Kd2 b3 58. Kc3 Bf5 59. Bc7 a4 60. Bf4 Be4 61. Kb4 Bc2 62. e4 Bxe4 63. Bd2 Kf6 64. Kxa4 Ke6 65. Kb5 Kd7 66. Kb6 Kc8 67. Kc6 Bh7 68. Kxd5 Bg8+ 69. Kc6 Bh7 70. d5 Be4 71. a4 Kb8 72. Kd7 Kb7 73. Ke7 Kb6 74. d6 Bf5 75. Kf6 Be4 76. d7 Kc7 77. Ke7 1-0

[Event "Torino Bombelli Memorial 11th"]
[Site "Torino"]
[Date "2011.09.10"]
[Round "3"]
[White "Bonino, Matteo"]
[Black "Giacometto, Mario"]
[Result "0-1"]
[WhiteElo "1851"]
[BlackElo "2004"]
[PlyCount "92"]
[EventDate "2011.09.09"]
[EventType "swiss"]
[EventRounds "5"]
[EventCountry "ITA"]
[SourceTitle "EXT 2023"]
[Source "ChessBase"]
[SourceDate "2022.10.05"]
[SourceVersion "1"]
[SourceVersionDate "2022.10.05"]
[SourceQuality "1"]

1. d4 d5 2. Bf4 Nf6 3. e3 e6 4. Nf3 Be7 5. Nbd2 b6 6. c3 Bb7 7. Bd3 Nbd7 8. Ne5 c5 9. Qf3 Qc8 10. Qe2 a5 11. h3 Nxe5 12. Bxe5 Ba6 13. Bxa6 Qxa6 14. Qxa6 Rxa6 15. Ke2 c4 16. b3 b5 17. bxc4 bxc4 18. Rab1 Nd7 19. Rb7 Nxe5 20. Rb8+ Bd8 21. dxe5 0-0 22. Rb7 Rb6 23. Rxb6 Bxb6 24. Rb1 Bc7 25. f4 Rb8 26. Rxb8+ Bxb8 27. Nf3 f6 28. exf6 gxf6 29. Nd4 Kf7 30. f5 exf5 31. Nxf5 Be5 32. Nd4 a4 33. Kf3 f5 34. g4 fxg4+ 35. Kxg4 Kg6 36. Ne2 h5+ 37. Kf3 Kf5 38. Nd4+ Kg5 39. Ne2 Kh4 40. Kg2 Bf6 41. Nd4 Kg5 42. Kf3 Be7 43. Kg3 Bd6+ 44. Kf3 Kf6 45. Kf2 Ba3 46. Kf3 Kg5 0-1

[Event "Senigallia op 5th"]
[Site "Senigallia"]
[Date "2010.08.07"]
[Round "6"]
[White "Bonino, Matteo"]
[Black "Giampaoletti, Andrea"]
[Result "0-1"]
[WhiteElo "1742"]
[BlackElo "1966"]
[PlyCount "54"]
[EventDate "2010.08.02"]
[EventType "swiss"]
[EventRounds "7"]
[EventCountry "ITA"]
[SourceTitle "CBM 137 Extra"]
[Source "ChessBase"]
[SourceDate "2010.09.01"]
[SourceVersion "1"]
[SourceVersionDate "2010.09.01"]
[SourceQuality "1"]

1. d4 Nc6 2. Nf3 d5 3. Bf4 Bg4 4. Nbd2 a6 5. h3 Bh5 6. c3 e6 7. e4 dxe4 8. Nxe4 Qd5 9. Ned2 0-0-0 10. Qb3 Nf6 11. Qxd5 Nxd5 12. Bh2 Bd6 13. Bxd6 Rxd6 14. Nc4 Rdd8 15. Nfe5 Nxe5 16. Nxe5 f6 17. Ng4 e5 18. dxe5 f5 19. Nh2 Rhe8 20. f3 Rxe5+ 21. Kf2 Nf4 22. g3 Rd2+ 23. Kg1 Ne2+ 24. Kf2 Nxc3+ 25. Kg1 Ne2+ 26. Kf2 Nd4+ 27. Kg1 Bxf3 0-1

[Event "Pinerolo op"]
[Site "Pinerolo"]
[Date "2009.11.14"]
[Round "2"]
[White "Ghisio, Paolo"]
[Black "Bonino, Matteo"]
[Result "0-1"]
[WhiteElo "1351"]
[BlackElo "1566"]
[PlyCount "60"]
[EventDate "2009.11.13"]
[EventType "swiss"]
[EventRounds "5"]
[EventCountry "ITA"]
[SourceTitle "EXT 2012"]
[Source "ChessBase"]
[SourceDate "2011.11.24"]
[SourceVersion "1"]
[SourceVersionDate "2011.11.24"]
[SourceQuality "1"]

1. e4 e6 2. d4 d5 3. e5 c5 4. c3 Nc6 5. Nf3 Qb6 6. b3 Nge7 7. Be3 Nf5 8. Qd2 Bd7 9. Be2 cxd4 10. cxd4 Bb4 11. Nc3 Qa5 12. Rc1 Rc8 13. Qd3 Ncxd4 14. Bd2 Nb5 15. 0-0 Nxc3 16. a3 Nxe2+ 17. Qxe2 Bxd2 18. Nxd2 0-0 19. Rcd1 Bb5 20. Qf3 Bxf1 21. Kxf1 Rc2 22. b4 Qb5+ 23. Kg1 Rfc8 24. h3 R8c3 25. Qg4 h6 26. Ne4 Rd3 27. Nf6+ Kh8 28. Nh5 Rxd1+ 29. Qxd1 Qe2 30. Qxe2 Rxe2 0-1